Mahler et autres matieres: Poemes

Збережено в:
Бібліографічні деталі
Автор: Nepveu, Pierre
Формат: Книга
Мова:Undetermined
Опубліковано: Quebec, Canadá Editions du Noroit 1983
Предмети:
Теги: Додати тег
Немає тегів, Будьте першим, хто поставить тег для цього запису!

MARC

LEADER 00000nam a2200000Ia 4500
008 170316s9999 xx 000 0 und d
040 |a cru BVZT 
090 |a 818 N-3m 
100 |a Nepveu, Pierre 
245 |a Mahler et autres matieres: Poemes 
260 |a Quebec, Canadá 
260 |b Editions du Noroit 
260 |c 1983 
300 |a 74 páginas 
650 |a LITERATURA CANADIENSE 
999 |c 6599  |d 6599 
942 |c 15 D  |h 818 N-3m  |2 z